Most and Least Streamed Songs On Each The Weeknd Album - Statistics

General Stats
  • This quiz has been taken 73 times
    29 since last reset
  • The average score is 14 of 22
Answer Stats
Album Streams Song % Correct
My Dear Melancholy, 2.4B Call Out My Name
95%
Kiss Land 133M Kiss Land
95%
Starboy 4.4B Starboy
95%
House of Balloons 757M Wicked Games
95%
After Hours 5.3B Blinding Lights
85%
Beauty Behind the Madness 3B The Hills
85%
Echoes of Silence 130M D.D.
80%
85M The Knowing
80%
The Idol, Vol. 1 2.5B One of the Girls (with JENNIE, Lily-Rose Depp)
75%
Hurry Up Tomorrow 1.4B Timeless (feat. Playboi Carti)
75%
Dawn FM 1B Is There Someone Else?
70%
57M Belong to the World
60%
38M Heaven or Las Vegas
60%
46M The Fall
60%
220M Privilege
55%
Thursday 159M The Zone (feat. Drake)
55%
142M Losers
50%
131M Until I Bleed Out
45%
178M Love to Lay
40%
35M Big Sleep (feat. Giorgio Moroder)
20%
96M Don't Break My Heart
20%
8M The Lure (Main Theme) (with MIKE DEAN)
10%
No matching quizzes found
Score Distribution
Percent of People with Each Score
Percentile by Number Answered
Your Score History
You have not taken this quiz since the last reset